[Event "SVK-chT2C 1617"]
[Site "Slovakia"]
[Date "2017.02.11"]
[Round "8.8"]
[White "Patarak, Jan"]
[Black "Sedlar, Jozef"]
[Result "0-1"]
[WhiteElo "1784"]
[BlackElo "1912"]
[PlyCount "48"]
[EventDate "2016.10.08"]
[EventType "team-tourn"]
[EventRounds "11"]
[EventCountry "SVK"]
[SourceTitle "EXT 2018"]
[Source "ChessBase"]
[SourceDate "2017.10.13"]
[SourceVersion "1"]
[SourceVersionDate "2017.10.13"]
[SourceQuality "1"]
[WhiteTeam "Martin Medea"]
[BlackTeam "Banska Bystrica Kurta"]
[WhiteTeamCountry "SVK"]
[BlackTeamCountry "SVK"]

1. e4 c6 2. d4 d5 3. Nc3 dxe4 4. Nxe4 Nd7 5. Nf3 Ngf6 6. Ng3 Qc7 7. Be2 g6 8. c3 Bg7 9. 0-0 0-0 10. h3 e5 11. dxe5 Nxe5 12. Nxe5 Qxe5 13. Be3 Be6 14. Qc2 Qc7 15. c4 c5 16. Rad1 h5 17. Bf3 h4 18. Ne4 Bf5 19. Nxf6+ Bxf6 20. Qc1 Rad8 21. Bg5 Qe7 22. Rxd8 Rxd8 23. Re1 Bxg5 24. Rxe7 Bxc1 0-1